| 000 | 00658nam a2200241Ia 4500 | ||
|---|---|---|---|
| 001 | 820 | ||
| 003 | GE_BSU | ||
| 008 | 181216s||||||||xx |||||||||||||| ||und|| | ||
| 020 | _a9785811408542 | ||
| 040 | _cGE_BSU | ||
| 080 | _a537(075.8) | ||
| 100 | _aАлексеев,А.И. | ||
| 245 | _aСборник задач по классической электродинамике. | ||
| 245 | _bУчебное пособие | ||
| 250 | _a2-е,стереот | ||
| 260 | _aСПБ | ||
| 260 | _bЛань | ||
| 260 | _c2008 | ||
| 300 | _a320стр. | ||
| 541 | _h80л. | ||
| 653 | _aклассическая электродинамика | ||
| 942 | _cBK | ||
| 999 |
_c34984 _d34984 |
||